| 000 | 00748nam a22002057a 4500 | ||
|---|---|---|---|
| 008 | 131010b xxu||||| |||| 00| 0 alb d | ||
| 020 | _a9951130186 | ||
| 041 | _aalb, eng | ||
| 080 |
_a021.4 _x(496.51) |
||
| 245 | 1 | 0 |
_aJava e Bibliotekës në Kosovë 11-16 Prill 2005 / _c[Kryeredaktor i botimeve Sali Bashota]. |
| 260 |
_aPrishtine : _bBiblioteka Kombetare dhe Universitare e Kosoves ; _c2006 |
||
| 300 |
_a151 f.: _bme il.; _c21 cm. |
||
| 490 | _aBKUK : Botime të Veçanta 3 : | ||
| 505 | _aLiteratura : f. 151 | ||
| 610 | 1 | 4 |
_aBiblioteka Kombëtare dhe Universitare e Kosovës _xSeminare |
| 650 |
_aBibliotekaria _xSeminare _zKosovë |
||
| 700 | 1 | _aBashota, Sali | |
| 700 | 1 | _aBiblioteka Kombëtare dhe Universitare e Kosovës | |
| 942 |
_2udc _cBK |
||
| 999 |
_c81 _d81 |
||